Handbook of road safety measures (Record no. 40572)

000 -LEADER
fixed length control field 00626nam a22002417a 4500
001 - CONTROL NUMBER
control field 40572
003 - CONTROL NUMBER IDENTIFIER
control field BD-DhUET
008 - FIXED-LENGTH DATA ELEMENTS--GENERAL INFORMATION
fixed length control field 171007b xxu||||| |||| 00| 0 eng d
020 ## - INTERNATIONAL STANDARD BOOK NUMBER
International Standard Book Number 9781848552500
040 ## - CATALOGING SOURCE
Transcribing agency 0
Modifying agency BD-DhUET
082 ## - DEWEY DECIMAL CLASSIFICATION NUMBER
Classification number 614.86202
Item number ELV/2009
100 ## - MAIN ENTRY--PERSONAL NAME
Personal name Elvik, Rune
245 ## - TITLE STATEMENT
Title Handbook of road safety measures
250 ## - EDITION STATEMENT
Edition statement 2nd ed.
260 ## - PUBLICATION, DISTRIBUTION, ETC. (IMPRINT)
Place of publication, distribution, etc. Bingley
Name of publisher, distributor, etc. Emerald Group Publishing
Date of publication, distribution, etc. 2009
300 ## - PHYSICAL DESCRIPTION
Extent xi,1124 p.
504 ## - BIBLIOGRAPHY, ETC. NOTE
Bibliography, etc Includes bibliographies
650 #0 - SUBJECT ADDED ENTRY--TOPICAL TERM
Topical term or geographic name as entry element Traffic safety-Handbooks,manuals,etc
700 ## - ADDED ENTRY--PERSONAL NAME
Personal name Hoye, Alena
700 ## - ADDED ENTRY--PERSONAL NAME
Personal name Vaa, Truls
700 ## - ADDED ENTRY--PERSONAL NAME
Personal name Sorensen, Michael
942 ## - ADDED ENTRY ELEMENTS (KOHA)
Koha item type General Book
Holdings
Piece designation (barcode) Damaged status Withdrawn status Date acquired Price effective from Koha normalized classification for sorting Shelving location Sublocation or collection (holding branch) Koha full call number Koha date last seen Not for loan Copy number Koha item type Lost status Source of classification or shelving scheme Location (home branch)
115545  2017-10-072017-10-07614_862020000000000_ELV_2009Reference sectionCentral Library, BUET614.86202/ELV/20092017-10-07 1General Book  Central Library, BUET
115546  2017-10-072017-10-07614_862020000000000_ELV_2009Reference sectionCentral Library, BUET614.86202/ELV/20092017-10-07 2General Book  Central Library, BUET